| 000 | 00454nam a22001697a 4500 | ||
|---|---|---|---|
| 003 | CEME | ||
| 005 | 20210628203543.0 | ||
| 008 | 210119b xxu||||| |||| 00| 0 eng d | ||
| 040 | _c. | ||
| 082 | _a297.63 ABD | ||
| 100 |
_aAbdul Aziz Urfi, Allama _966213 |
||
| 245 | _aMaqsood kaynaat peace be upon him | ||
| 260 |
_aKARACHI _bMAKTABA ALQURESH _c2007 |
||
| 300 | _a106P | ||
| 650 |
_aISLAM-MAQSOOD KAYNAAT PEACE BE UPON HIM _966214 |
||
| 942 |
_cBK _2ddc |
||
| 999 |
_c574212 _d574212 |
||